|
|
|
|
| LEADER |
02504nam a2200505 4500 |
| 001 |
978-3-030-20381-8 |
| 003 |
DE-He213 |
| 005 |
20191023172516.0 |
| 007 |
cr nn 008mamaa |
| 008 |
190601s2019 gw | s |||| 0|eng d |
| 020 |
|
|
|a 9783030203818
|9 978-3-030-20381-8
|
| 024 |
7 |
|
|a 10.1007/978-3-030-20381-8
|2 doi
|
| 040 |
|
|
|d GrThAP
|
| 050 |
|
4 |
|a TA349-359
|
| 072 |
|
7 |
|a TGMD
|2 bicssc
|
| 072 |
|
7 |
|a SCI096000
|2 bisacsh
|
| 072 |
|
7 |
|a TGMD
|2 thema
|
| 082 |
0 |
4 |
|a 531
|2 23
|
| 100 |
1 |
|
|a Naumenko, Konstantin.
|e author.
|4 aut
|4 http://id.loc.gov/vocabulary/relators/aut
|
| 245 |
1 |
0 |
|a Modeling High Temperature Materials Behavior for Structural Analysis
|h [electronic resource] :
|b Part II. Solution Procedures and Structural Analysis Examples /
|c by Konstantin Naumenko, Holm Altenbach.
|
| 250 |
|
|
|a 1st ed. 2019.
|
| 264 |
|
1 |
|a Cham :
|b Springer International Publishing :
|b Imprint: Springer,
|c 2019.
|
| 300 |
|
|
|a XVI, 210 p. 1 illus.
|b online resource.
|
| 336 |
|
|
|a text
|b txt
|2 rdacontent
|
| 337 |
|
|
|a computer
|b c
|2 rdamedia
|
| 338 |
|
|
|a online resource
|b cr
|2 rdacarrier
|
| 347 |
|
|
|a text file
|b PDF
|2 rda
|
| 490 |
1 |
|
|a Advanced Structured Materials,
|x 1869-8433 ;
|v 112
|
| 505 |
0 |
|
|a Introduction -- Examples of Constitutive Equations for Various Materials -- Inelasticity in Structures.
|
| 520 |
|
|
|a This second part of the work on creep modeling offers readers essential guidance on practical computational simulation and analysis. Drawing on constitutive equations for creep in structural materials under multi-axial stress states, it applies these equations, which are developed in detail in part 1 of the work, to a diverse range of examples.
|
| 650 |
|
0 |
|a Mechanics.
|
| 650 |
|
0 |
|a Mechanics, Applied.
|
| 650 |
|
0 |
|a Materials science.
|
| 650 |
1 |
4 |
|a Solid Mechanics.
|0 http://scigraph.springernature.com/things/product-market-codes/T15010
|
| 650 |
2 |
4 |
|a Characterization and Evaluation of Materials.
|0 http://scigraph.springernature.com/things/product-market-codes/Z17000
|
| 700 |
1 |
|
|a Altenbach, Holm.
|e author.
|4 aut
|4 http://id.loc.gov/vocabulary/relators/aut
|
| 710 |
2 |
|
|a SpringerLink (Online service)
|
| 773 |
0 |
|
|t Springer eBooks
|
| 776 |
0 |
8 |
|i Printed edition:
|z 9783030203801
|
| 776 |
0 |
8 |
|i Printed edition:
|z 9783030203825
|
| 776 |
0 |
8 |
|i Printed edition:
|z 9783030203832
|
| 830 |
|
0 |
|a Advanced Structured Materials,
|x 1869-8433 ;
|v 112
|
| 856 |
4 |
0 |
|u https://doi.org/10.1007/978-3-030-20381-8
|z Full Text via HEAL-Link
|
| 912 |
|
|
|a ZDB-2-ENG
|
| 950 |
|
|
|a Engineering (Springer-11647)
|